All Major Human Organs - Statistics

General Stats
  • This quiz has been taken 103 times
  • The average score is 18 of 39
Answer Stats
Answer % Correct
Heart
97%
Brain
96%
Liver
94%
Lung
93%
Kidney
91%
Stomach
87%
Large intestine
86%
Small intestine
86%
Gallbladder
80%
Skin
79%
Pancreas
70%
Eye
67%
Spleen
67%
Penis
61%
Nose
59%
Vagina
59%
Ear
56%
Testicle
54%
Ovary
53%
Tongue
53%
Uterus
47%
Esophagus
43%
Trachea
26%
Urethra
26%
Fallopian tube
21%
Larynx
21%
Thyroid gland
21%
Adrenal gland
20%
Pituitary gland
19%
Prostate
16%
Tonsil
11%
Pineal gland
10%
Urinary bladder
10%
Thymus
9%
Ureter
9%
Vas deferens
7%
Parathyroid gland
6%
Mammary gland
4%
Epididymis
3%
No matching quizzes found
Score Distribution
Percent of People with Each Score
Percentile by Number Answered
Your Score History
You have not taken this quiz